000 00928nam a2200301Ia 4500
001 15201
003 IT-RoPAU
008 130308s9999 xx 000 0 und d
040 _aIT-RoPAU
040 _cIT-RoPAU
041 _aSPAGNOLO
100 _aDe la Hera José Maria
100 _gCodice Aut. SPICS: 31817
245 _aVideo (El)-Un importante vehiculo de comunicacion
245 _bMedios de comunicacion Social al servicio del Evangelio Y del hombre (Los)
250 _a1a ed.
260 _aMADRID
260 _bEdiciones Paulinas
260 _c1986 [1° Ed.:1986 - Ed.Ling.Originale:1986]
300 _a"2 p. (prefazione: no ; testo: 2 [pagine: 44-45])"
500 _aVideo un importante veicolo di Comunicazione Responsabilità della Chiesa
650 _aSAGGI TEOLOGIA COMUNICAZIONE SOCIALE
650 _eCodice materia Spics: 9211
942 _cBK
957 _71
999 _c64142
_d64142
999 _bSI
999 _g1